Statistics for All Belligerents in the Syrian Civil War

Click here to take the quiz!

General Stats

  • This quiz has been taken 38 times
  • The average score is 13 of 28

Answer Stats

Answer% Correct
Government Forces and AlliesRussia
88%
Government Forces and AlliesSyria
88%
Main OppositionTurkey
88%
Government Forces and AlliesIran
85%
Alternative IslamistsIslamic State of Iraq and Syria (ISIS)
82%
Kurdish ForcesUnited States
82%
Alternative OppositionUnited States
82%
Kurdish ForcesSaudi Arabia
70%
Alternative OppositionUnited Kingdom
55%
Kurdish ForcesUnited Kingdom
55%
Government Forces and AlliesHezbollah
52%
Kurdish ForcesUnited Arab Emirates
52%
Main OppositionQatar
48%
Kurdish ForcesFrance
45%
Islamist ForcesAl-Qaeda
42%
Kurdish ForcesCanada
42%
Kurdish ForcesJordan
42%
Alternative OppositionJordan
42%
Kurdish ForcesAutonomous Administration of North and East Syria (SDF)
36%
Kurdish ForcesKurdistan Worker's Party (PKK)
30%
Alternative OppositionMaghaweir al-Thowra (FSA)
30%
Kurdish ForcesNetherlands
27%
Alternative OppositionNorway
21%
Main OppositionSyrian Interim Government (SNA)
15%
Islamist GovernmentTahrir al-Sham
12%
Kurdish ForcesCombined Joint Task Force (CJTF-OIR)
9%
Kurdish ForcesPatriotic Union of Kurdistan (PUK)
6%
Islamist ForcesHurras al-Din
3%

Score Distribution

Percentile by Number Answered

Percent of People with Each Score

Your Score History

You have not taken this quiz